TGT & PGT English/ (Record no. 213980)

MARC details
000 -LEADER
fixed length control field 00631nam a22002057a 4500
005 - DATE AND TIME OF LATEST TRANSACTION
control field 20260101120716.0
010 ## - LCCN (DPL NO)
LC control number ENG-147378
020 ## - INTERNATIONAL STANDARD BOOK NUMBER
International Standard Book Number 9789373596204
Terms of availability 599.00
035 ## - SYSTEM CONTROL NUMBER
System control number EN-130910
037 ## - SOURCE OF ACQUISITION
Source of stock number/acquisition DBAD
082 ## - DEWEY DECIMAL CLASSIFICATION NUMBER
Edition number 880
Classification number 1
100 ## - MAIN ENTRY--PERSONAL NAME
Personal name Vaidwan, Rohit
245 ## - TITLE STATEMENT
Title TGT & PGT English/
Statement of responsibility, etc Rohit Vaidwan
250 ## - EDITION STATEMENT
Edition statement 1
260 ## - PUBLICATION, DISTRIBUTION, ETC. (IMPRINT)
Place of publication, distribution, etc Uttar Pradesh
Name of publisher, distributor, etc S. Chand Publishing
Date of publication, distribution, etc 2025
270 ## - ADDRESS
Address D-92, Sector-2, Noida
City Uttar Pradesh
Postal code 201301
Telephone number 120-4682700
300 ## - PHYSICAL DESCRIPTION
Extent 437p.
Other physical details ill.
Dimensions 24cm(pb)
500 ## - GENERAL NOTE
General note For DSSSB, KVS, NVS, EMRS, HTET, UP TGT & PGT <br/>2000+ PYQ's
942 ## - ADDED ENTRY ELEMENTS (KOHA)
Source of classification or shelving scheme Dewey Decimal Classification
Item type English Books
Call number suffix VAI
Classification part 880
Holdings
Withdrawn status Lost status Not for loan Collection code Home library Current library Date acquired Source of acquisition Cost, normal purchase price Full call number Barcode Copy number Cost, replacement price Koha item type
      Non-fiction Bawana Bawana 01/01/2026 Delivery of Books Act Division 599.00 VAI 880 EN-130910 1 599.00 English Books

© Delhi Public Library
Hit Counter
free hit counter